00296 2200121 4500001002100000005001500021008004100036020002200077035001900099082000900118100001900127245002800146INLIS00000000002490820241224131822241224||||||||| | ||| |||| ||  a978-602-366-673-7 0010-12240249080 aNONE0 aTim InnerChild00aAsiknya Berterus Terang